| 000 | 00836nam a2200229 i 4500 | ||
|---|---|---|---|
| 001 | 176971 | ||
| 003 | ES-MaACL | ||
| 005 | 20250728051138.0 | ||
| 007 | t| | ||
| 008 | 110222s1964 be d |||| | spa d | ||
| 080 | _a308(8) | ||
| 100 | 1 |
_aHoutart, François. _964361 |
|
| 245 | 1 | 3 |
_aEl cambio social en América Latina / _cpor Francisco Houtart. |
| 260 |
_aBruselas : _bOficina Internacional de Investigaciones Sociales de Feres, _c1964. |
||
| 300 |
_a187 p. , [3] h. pleg. ; _c22 cm. |
||
| 490 | 1 |
_aEstudios sociológicos latino-americanos ; _v18 |
|
| 651 | 4 |
_aAmérica Latina- _xSituación social _97766 |
|
| 710 | 2 |
_aOficina Internacional de Investigaciones Sociales. _9172476 |
|
| 830 | 1 |
_aEstudios sociológicos latino-americanos ; _v18 _9190305 |
|
| 852 |
_aES-MaACL _jE-14394 _xOlim P-972-bis |
||
| 999 |
_c176971 _d176971 |
||